James Bond Film Girls - By Description - Statistics

General Stats
  • This quiz has been taken 168 times
  • The average score is 8 of 15
Answer Stats
Hint Answer % Correct
Trained pilot and judo expert involved in Operation Grand Slam Pussy Galore
90%
A jewel-smuggler and circus owner who is drawn into a nuclear bomb plot Octopussy
77%
Tarot-card reading virgin employed by Mr. Big Solitaire
76%
Caribbean shell-diver who Bond sees coming out of the sea in Crab Key Honeychile Rider
74%
Nuclear physicist who helps stop a nuclear disaster in the Bosporus Dr. Christmas Jones
73%
Vasser-educated astronaut and CIA operative Dr. Holly Goodhead
71%
NSA agent born on Friday 13th whose relationships “don’t seem to last” Giacinta "Jinx" Johnson
61%
Former model who went on to marry a power-hungry media mogul Paris Carver
53%
Feisty diamond smuggler who Bond first meets in Amsterdam Tiffany Case
49%
International Liaison Officer of HM Treasury’s Financial Action Task Force Vesper Lynd
47%
Czech cellist who becomes involved in a KGB defection plot Kara Milovy
44%
Soviet Military Intelligence Corporal manipulated by SMERSH Tatiana Romanova
44%
Pilot and CIA informant who helps Bond take down a drug lord Pam Bouvier
39%
SPECTRE operative number 11 involved in a spacecraft-hijacking plot Helga Brandt
22%
MI6 doctor who examines Bond after a bad shoulder injury Dr. Molly Warmflash
19%
No matching quizzes found
Score Distribution
Percent of People with Each Score
Percentile by Number Answered
Your Score History
You have not taken this quiz